[Event "FRA-chT 0102 U18"]
[Site "France"]
[Date "2002.05.10"]
[Round "11.6"]
[White "Hoffer, Tristan"]
[Black "Baudin, Alize"]
[Result "1/2-1/2"]
[WhiteElo "1410"]
[BlackElo "1420"]
[PlyCount "55"]
[EventDate "2001.10.??"]
[EventType "team"]
[EventRounds "11"]
[EventCountry "FRA"]
[SourceTitle "EXT 2003"]
[Source "ChessBase"]
[SourceDate "2002.11.25"]
[SourceVersion "1"]
[SourceVersionDate "2002.11.25"]
[SourceQuality "1"]
[WhiteTeam "Vandoeuvre"]
[BlackTeam "Nice"]
[WhiteTeamCountry "FRA"]
[BlackTeamCountry "FRA"]

1. e4 e5 2. Nf3 Nc6 3. Bc4 Bc5 4. c3 Nf6 5. d4 exd4 6. cxd4 Bb4+ 7. Nc3 Nxe4 8. 0-0 Bxc3 9. d5 Bf6 10. Re1 Ne7 11. Rxe4 d6 12. Bg5 Bxg5 13. Nxg5 h6 14. Qe2 hxg5 15. Re1 Be6 16. dxe6 f6 17. Re3 c6 18. Rh3 Rxh3 19. gxh3 g6 20. Qf3 Qa5 21. Rd1 d5 22. Qxf6 0-0-0 23. Bb3 Qb4 24. Qxg5 Rh8 25. Qg4 Qd6 26. Kg2 Rf8 27. Re1 Qc5 28. Rf1 1/2-1/2

[Event "FRA-chT 0102 U18"]
[Site "France"]
[Date "2002.05.09"]
[Round "10.6"]
[White "Magnin, Guillaume"]
[Black "Hoffer, Tristan"]
[Result "0-1"]
[WhiteElo "1320"]
[BlackElo "1410"]
[PlyCount "48"]
[EventDate "2001.10.??"]
[EventType "team"]
[EventRounds "11"]
[EventCountry "FRA"]
[SourceTitle "EXT 2003"]
[Source "ChessBase"]
[SourceDate "2002.11.25"]
[SourceVersion "1"]
[SourceVersionDate "2002.11.25"]
[SourceQuality "1"]
[WhiteTeam "Avignon"]
[BlackTeam "Vandoeuvre"]
[WhiteTeamCountry "FRA"]
[BlackTeamCountry "FRA"]

1. e4 e5 2. f4 Bc5 3. Nf3 d6 4. Bc4 Nf6 5. Nc3 Nc6 6. h3 Be6 7. Bxe6 fxe6 8. d3 exf4 9. Bxf4 e5 10. Bg5 Qd7 11. Bxf6 gxf6 12. Nd5 Qf7 13. c3 a6 14. Nh4 0-0-0 15. Nf5 Rde8 16. Qg4 Kb8 17. b4 Ba7 18. a4 Nd8 19. a5 Rhg8 20. Qh4 Rxg2 21. Qxf6 Qh5 22. Ng3 Rxg3 23. Ra2 Rxd3 24. Rg2 Qd1# 0-1

[Event "FRA-chT 0102 U18"]
[Site "France"]
[Date "2002.05.08"]
[Round "8.6"]
[White "Merckling, Arnaud"]
[Black "Hoffer, Tristan"]
[Result "0-1"]
[WhiteElo "1410"]
[BlackElo "1410"]
[PlyCount "70"]
[EventDate "2001.10.??"]
[EventType "team"]
[EventRounds "11"]
[EventCountry "FRA"]
[SourceTitle "EXT 2003"]
[Source "ChessBase"]
[SourceDate "2002.11.25"]
[SourceVersion "1"]
[SourceVersionDate "2002.11.25"]
[SourceQuality "1"]
[WhiteTeam "Neuilly"]
[BlackTeam "Vandoeuvre"]
[WhiteTeamCountry "FRA"]
[BlackTeamCountry "FRA"]

1. e4 e5 2. Nf3 Nc6 3. Bc4 Bc5 4. Nc3 Nf6 5. d3 d6 6. Bg5 h6 7. Bh4 g5 8. Bg3 Bg4 9. h3 Bh5 10. a3 Nd4 11. Nb5 Bxf3 12. gxf3 Nc6 13. Qe2 a6 14. Nc3 Nd4 15. Qd1 Qd7 16. h4 0-0-0 17. b4 Bb6 18. a4 Kb8 19. b5 a5 20. Nd5 Nxd5 21. exd5 Qf5 22. c3 Nxf3+ 23. Kf1 Nxh4 24. Bxh4 gxh4 25. d4 exd4 26. cxd4 Qf4 27. Ra2 Bxd4 28. Rh3 Bxf2 29. Rxf2 Qxc4+ 30. Kg1 Rhg8+ 31. Kh2 Qe4 32. Rhf3 Qg4 33. Kh1 h3 34. Kh2 Rde8 35. Rxh3 Qxd1 0-1

[Event "FRA-chT 0102 U18"]
[Site "France"]
[Date "2002.??.??"]
[Round "4.6"]
[White "Barbuti, Claire"]
[Black "Hoffer, Tristan"]
[Result "0-1"]
[WhiteElo "1370"]
[BlackElo "1410"]
[PlyCount "68"]
[EventDate "2001.10.??"]
[EventType "team"]
[EventRounds "11"]
[EventCountry "FRA"]
[SourceTitle "EXT 2003"]
[Source "ChessBase"]
[SourceDate "2002.11.25"]
[SourceVersion "1"]
[SourceVersionDate "2002.11.25"]
[SourceQuality "1"]
[WhiteTeam "Paris NAO"]
[BlackTeam "Vandoeuvre"]
[WhiteTeamCountry "FRA"]
[BlackTeamCountry "FRA"]

1. e4 e5 2. Nf3 Nc6 3. Bc4 Bc5 4. c3 Nf6 5. d4 exd4 6. cxd4 Bb4+ 7. Nc3 Nxe4 8. 0-0 Bxc3 9. bxc3 d5 10. Re1 0-0 11. Qd3 Bf5 12. Bb5 Qd7 13. Ne5 Nxe5 14. dxe5 c6 15. Ba4 Qe6 16. Qd4 c5 17. Qe3 Qxe5 18. f3 Qxc3 19. Ba3 Qxe3+ 20. Rxe3 Nf6 21. Bxc5 Rfc8 22. Bb4 Rc4 23. a3 a5 24. Bb3 axb4 25. Bxc4 dxc4 26. Rd1 bxa3 27. Rxa3 Rb8 28. Rd4 b5 29. Ra5 h6 30. Kf2 c3 31. Rd1 Bg6 32. Ra3 b4 33. Rb3 Bc2 34. Rxc3 Bxd1 0-1

[Event "FRA-chT 0102 U18"]
[Site "France"]
[Date "2002.??.??"]
[Round "7.6"]
[White "Hoffer, Tristan"]
[Black "Emeriau, Boris"]
[Result "0-1"]
[WhiteElo "1410"]
[BlackElo "1690"]
[PlyCount "74"]
[EventDate "2001.10.??"]
[EventType "team"]
[EventRounds "11"]
[EventCountry "FRA"]
[SourceTitle "EXT 2003"]
[Source "ChessBase"]
[SourceDate "2002.11.25"]
[SourceVersion "1"]
[SourceVersionDate "2002.11.25"]
[SourceQuality "1"]
[WhiteTeam "Vandoeuvre"]
[BlackTeam "Sautron"]
[WhiteTeamCountry "FRA"]
[BlackTeamCountry "FRA"]

1. e4 e5 2. Nf3 Nc6 3. Bc4 Be7 4. d3 d6 5. Nc3 Bg4 6. h3 Bxf3 7. Qxf3 Nf6 8. Bg5 Nd4 9. Qd1 0-0 10. Qd2 c6 11. 0-0-0 a5 12. a4 Nd7 13. h4 Nc5 14. Kb1 Nxa4 15. Nxa4 b5 16. Bxb5 Nxb5 17. Nc3 Nd4 18. Bxe7 Qxe7 19. Ne2 Ne6 20. Qc3 Nc5 21. Kc1 d5 22. f3 d4 23. Qc4 Rab8 24. Ng3 g6 25. h5 Rb4 26. Nf5 gxf5 27. Qa2 Ra4 28. Qb1 Rb8 29. Kd2 Qg5+ 30. Ke1 Qxg2 31. Rf1 Ne6 32. Qc1 Qg3+ 33. Rf2 Nf4 34. Kf1 Qh3+ 35. Ke1 Qg3 36. Kf1 Kh8 37. exf5 Rg8 0-1

[Event "FRA-chT 0102 U18"]
[Site "France"]
[Date "2001.11.24"]
[Round "1.6"]
[White "Hoffer, Tristan"]
[Black "Barre, Yann"]
[Result "0-1"]
[WhiteElo "1410"]
[BlackElo "1740"]
[PlyCount "64"]
[EventDate "2001.10.??"]
[EventType "team"]
[EventRounds "11"]
[EventCountry "FRA"]
[SourceTitle "EXT 2003"]
[Source "ChessBase"]
[SourceDate "2002.11.25"]
[SourceVersion "1"]
[SourceVersionDate "2002.11.25"]
[SourceQuality "1"]
[WhiteTeam "Vandoeuvre"]
[BlackTeam "Mulhouse"]
[WhiteTeamCountry "FRA"]
[BlackTeamCountry "FRA"]

1. e4 c5 2. Nc3 e6 3. f4 Ne7 4. Bc4 d5 5. exd5 Nxd5 6. Nge2 a6 7. a4 Nxc3 8. Nxc3 Bd6 9. 0-0 0-0 10. Kh1 Nc6 11. d3 Nd4 12. Ne2 Nf5 13. c3 Qc7 14. Bb3 Qc6 15. d4 cxd4 16. Nxd4 Nxd4 17. Qxd4 b6 18. Be3 Bc5 19. Qd3 Bb7 20. Rg1 Rfd8 21. Qe2 Qe4 22. Rae1 Bxe3 23. Qxe3 Qxe3 24. Rxe3 Rd2 25. Bc4 Rxb2 26. Rd3 g6 27. Rd7 Bc6 28. Rc7 Bxa4 29. Ra1 Bb5 30. h3 Bxc4 31. Rxc4 a5 32. Rd1 a4 0-1